Winnie the Pooh - Characters by Picture - Statistics

General Stats
  • This quiz has been taken 133 times
  • The average score is 10 of 23
Answer Stats
Picture Answer % Correct
Winnie the Pooh
97%
Tigger
94%
Piglet
92%
Eeyore
86%
Christopher Robin
85%
Kanga
85%
Rabbit
85%
Roo
85%
Owl
83%
Gopher
42%
Lumpy
28%
Christopher Robin
26%
Beaver
12%
Kessie
11%
Buster
9%
Evelyn Robin
9%
Backson
8%
Porcupine
8%
Turtle
8%
Darby
6%
Mama Heffalump
6%
Woodpecker
5%
The Skullasaurus
3%
No matching quizzes found
Score Distribution
Percent of People with Each Score
Percentile by Number Answered
Your Score History
You have not taken this quiz